00710nam a2200193 a 4500001001000000003000900010005001700019008004100036040002500077082001900102100002800121245009600149260004900245300002600294500003500320504007400355650004600429650004100475000022964DO-SdBNP20250611111903.0101123s|||| sp ac r 001 0 spa d aDO-SdBNPbspacBNPHU a923.945bA816c1 aAsencio, José María10aCristóbal Colón :bsu vidad, sus viajes, sus descubrimientos /cJosé María Asencio. aBarcelona :bEspasa y Compañía,c[s.f.]. a2 v. :bil. ;c31 cm. aLa biblioteca posee el tomo 2. aIncluye referencias bibliográficas y notas al pie de las páginas. 4aAméricaxDescubrimiento y exploraciones 4aExploradores italianosxBiografías